Statistics for Top 10 Countries Renewable Energy Production

Click here to take the quiz!

General Stats

  • This quiz has been taken 46 times
  • The average score is 9 of 10

Answer Stats

Amount (in MW)Country% Correct
1.504.641China
100%
194.084Brazil
97%
108.937Canada
94%
71.043France
94%
172.362Germany
94%
180.714India
94%
83.467Spain
94%
149.144Japan
90%
404.292USA
90%
69.196Italy
87%

Score Distribution

Percentile by Number Answered

Percent of People with Each Score

Your Score History

You have not taken this quiz